[Event "Rated Blitz game"]
[Site "?"]
[Date "2021.02.05"]
[Round "?"]
[White "cecile_haussernot"]
[Black "FTR_BBC"]
[Result "1/2-1/2"]
[WhiteElo "2348"]
[BlackElo "2405"]
[PlyCount "143"]
[EventDate "2021.??.??"]
[EventType "blitz"]

1. e4 e5 2. Nf3 d5 3. Nxe5 Bd6 4. d4 dxe4 5. Nc4 Be7 6. Nc3 Nf6 7. Bg5 Bf5 8.
Ne3 Bg6 9. h4 h6 10. Bxf6 Bxf6 11. h5 Bh7 12. Ncd5 Bg5 13. c4 c6 14. Nc3 f5 15.
d5 f4 16. Ng4 O-O 17. Qd4 c5 18. Qxc5 Nd7 19. Qd6 Bf5 20. f3 Re8 21. O-O-O Bxg4
22. fxg4 Rc8 23. Qg6 Ne5 24. Qxe4 Nxc4 25. Qd4 f3+ 26. Kb1 Ne3 27. Re1 f2 28.
Re2 Nxf1 29. Rxf1 Rxc3 30. Rxe8+ Qxe8 31. Qxc3 Qe4+ 32. Ka1 Be3 33. Qc8+ Kh7
34. d6 Bb6 35. Qf5+ Qxf5 36. gxf5 Kg8 37. d7 Kf7 38. Rxf2 Ke7 39. Rd2 Bd8 40.
Kb1 Ba5 41. Rd1 Bd8 42. Kc2 Kf6 43. a3 Kxf5 44. Kc3 Kg5 45. Kc4 Kxh5 46. Kd5
Kg4 47. Ke6 Kg3 48. Rc1 Bb6 49. Rc8 g5 50. Re8 Kxg2 51. d8=Q Bxd8 52. Rxd8 h5
53. Rd2+ Kf3 54. Kf5 g4 55. Rc2 g3 56. Rc3+ Kf2 57. Kf4 g2 58. Rc2+ Kf1 59. Kf3
g1=N+ 60. Ke3 h4 61. Rc1+ Kg2 62. Rc2+ Kg3 63. Rc8 h3 64. Rg8+ Kh2 65. Kf2 Ne2
66. Kxe2 b5 67. Kf2 a5 68. Rg1 a4 69. Rf1 b4 70. axb4 a3 71. b3 a2 72. Ra1 {
Normal} 1/2-1/2

[Event "Rated Blitz game"]
[Site "?"]
[Date "2021.02.05"]
[Round "?"]
[White "frasigal"]
[Black "Schachelite"]
[Result "0-1"]
[WhiteElo "2370"]
[BlackElo "2431"]
[PlyCount "98"]
[EventDate "2021.??.??"]
[EventType "blitz"]

1. e4 e5 2. Nf3 d5 3. d3 dxe4 4. dxe4 Qxd1+ 5. Kxd1 Bg4 6. Nbd2 Nc6 7. c3 O-O-O
8. Kc2 Bc5 9. Bc4 f6 10. Rf1 Nge7 11. b4 Bb6 12. h3 Bd7 13. a4 a5 14. b5 Nb8
15. Nb3 Ng6 16. g3 Bxh3 17. Be3 Bxf1 18. Be6+ Nd7 19. Rxf1 Bxe3 20. fxe3 b6 21.
Rd1 Rhe8 22. Bh3 Ngf8 23. Rh1 h6 24. Nfd2 Kb7 25. Nc4 Nh7 26. Bf5 Ng5 27. Rd1
Nf8 28. Rf1 Re7 29. Nbd2 Nfe6 30. Bg4 Nc5 31. Ra1 Ncxe4 32. Nxe4 Nxe4 33. Bf3
f5 34. Bxe4+ fxe4 35. Nd2 Rf7 36. Nxe4 Rf3 37. Re1 h5 38. c4 g5 39. c5 bxc5 40.
Nxc5+ Kb6 41. Ne4 h4 42. gxh4 gxh4 43. Re2 h3 44. Kc3 Rg8 45. Kc4 Rg2 46. Re1
h2 47. Nc5 Rg1 48. Nd7+ Kb7 49. Nc5+ Kc8 {Normal} 0-1

[Event "Rated Blitz game"]
[Site "?"]
[Date "2021.02.05"]
[Round "?"]
[White "yuri5288"]
[Black "oALJHoNz"]
[Result "0-1"]
[WhiteElo "2412"]
[BlackElo "2339"]
[PlyCount "26"]
[EventDate "2021.??.??"]
[EventType "blitz"]

1. e4 e5 2. Nf3 d5 3. Nc3 dxe4 4. Nxe4 f5 5. Nxe5 Qd4 6. Qh5+ g6 7. Nxg6 Qxe4+
8. Kd1 Nf6 9. Qh3 Ng4 10. Bb5+ c6 11. Qh4 hxg6 12. d3 Rxh4 13. dxe4 Nxf2+ {
Normal} 0-1

[Event "Rated Blitz game"]
[Site "?"]
[Date "2021.02.05"]
[Round "?"]
[White "strong_player_007"]
[Black "FTR_BBC"]
[Result "1-0"]
[WhiteElo "2341"]
[BlackElo "2408"]
[PlyCount "95"]
[EventDate "2021.??.??"]
[EventType "blitz"]

1. e4 e5 2. Nf3 d5 3. Nxe5 Bd6 4. d4 dxe4 5. Nc4 Be7 6. Be2 Nf6 7. Ne3 O-O 8.
c4 Re8 9. Nc3 c6 10. Qc2 Bb4 11. a3 Bf8 12. d5 Nbd7 13. Bd2 Nc5 14. O-O-O a5
15. Kb1 a4 16. Be1 Qa5 17. Nxe4 Nfxe4 18. Bxa5 Rxa5 19. Rhf1 f5 20. Bd3 f4 21.
f3 Nxd3 22. fxe4 fxe3 23. Rxd3 Bc5 24. Qc3 Ra8 25. Rxe3 Bxe3 26. Qxe3 Bd7 27.
Qc5 Rxe4 28. Qd6 Bg4 29. h3 Be2 30. dxc6 Bxf1 31. Qd5+ Kh8 32. Qxe4 bxc6 33.
Qxc6 Bd3+ 34. Ka2 Rd8 35. Qxa4 Bg6 36. Qa5 Rc8 37. Qa6 Re8 38. Qc6 h6 39. a4
Kh7 40. a5 Re1 41. a6 Bb1+ 42. Ka3 Re3+ 43. Kb4 Bc2 44. Kc5 Rb3 45. a7 Be4 46.
Qxe4+ g6 47. a8=Q Rb7 48. Qaxb7+ {Normal} 1-0

[Event "Rated Blitz game"]
[Site "?"]
[Date "2021.02.05"]
[Round "?"]
[White "timoru"]
[Black "annaly1979"]
[Result "0-1"]
[WhiteElo "2386"]
[BlackElo "2409"]
[PlyCount "38"]
[EventDate "2021.??.??"]
[EventType "blitz"]

1. e4 e5 2. Nf3 d5 3. Nxe5 Qe7 4. d4 f6 5. Ng4 Nc6 6. Bb5 Qxe4+ 7. Ne3 Nge7 8.
Nc3 Qh4 9. O-O Be6 10. g3 Qh3 11. Qf3 O-O-O 12. Ne2 a6 13. Ba4 Bf7 14. c3 Bh5
15. Nf4 Bxf3 16. Nxh3 g5 17. Re1 h5 18. Bd2 h4 19. Bc2 hxg3 {Normal} 0-1

[Event "Rated Rapid game"]
[Site "?"]
[Date "2021.02.05"]
[Round "?"]
[White "AdamChess2002"]
[Black "SeaBiskit"]
[Result "0-1"]
[WhiteElo "2316"]
[BlackElo "2496"]
[PlyCount "26"]
[EventDate "2021.??.??"]
[EventType "rapid"]

1. e4 e5 2. Nf3 d5 3. exd5 e4 4. Nd4 Qxd5 5. Ne2 Nc6 6. Nbc3 Qe6 7. g3 Nf6 8.
Bg2 Bc5 9. O-O O-O 10. Nf4 Qe5 11. Re1 Bg4 12. Bf3 Bxf3 13. Qxf3 exf3 {Normal}
0-1

[Event "Rated Blitz game"]
[Site "?"]
[Date "2021.02.04"]
[Round "?"]
[White "BeReadyToLose"]
[Black "FTR_BBC"]
[Result "1-0"]
[WhiteElo "2473"]
[BlackElo "2355"]
[PlyCount "87"]
[EventDate "2021.??.??"]
[EventType "blitz"]

1. e4 e5 2. Nf3 d5 3. d4 dxe4 4. Nxe5 Bd6 5. Nc4 Be7 6. Nc3 Nf6 7. Bf4 Bf5 8.
Ne3 Bg6 9. Bc4 O-O 10. h3 Nbd7 11. O-O Nb6 12. Bb3 a5 13. a3 a4 14. Ba2 c6 15.
Be5 Nfd7 16. Bg3 Nf6 17. Ne2 Nh5 18. Bh2 Nd5 19. Nc4 b5 20. Ne5 Qb6 21. Nd7 Qb7
22. Nxf8 Rxf8 23. Bxd5 cxd5 24. c3 f5 25. Nf4 Nxf4 26. Bxf4 Bf7 27. b3 g5 28.
Be5 Qd7 29. bxa4 bxa4 30. f4 exf3 31. Qxf3 f4 32. Qg4 Be6 33. Qh5 Bf7 34. Qh6
Bf6 35. Qxf6 Bg6 36. Qxg5 Rf5 37. Qg4 Qc8 38. Rxf4 Qxc3 39. Raf1 Qe3+ 40. Kh1
Rxe5 41. dxe5 Qxe5 42. Qc8+ Be8 43. Rf8+ Kg7 44. Rxe8 {Normal} 1-0

[Event "Rated Blitz game"]
[Site "?"]
[Date "2021.02.04"]
[Round "?"]
[White "AgreGAD"]
[Black "Jomajo"]
[Result "0-1"]
[WhiteElo "2457"]
[BlackElo "2642"]
[PlyCount "71"]
[EventDate "2021.??.??"]
[EventType "blitz"]

1. e4 e5 2. Nf3 d5 3. d4 dxe4 4. Nxe5 Bd6 5. Nc4 Nf6 6. Bg5 h6 7. Bh4 O-O 8.
Nc3 Re8 9. Be2 Nc6 10. O-O Nxd4 11. Nd5 Be5 12. Nxe5 Qxd5 13. Bxf6 gxf6 14. Nc4
f5 15. c3 Nxe2+ 16. Qxe2 f4 17. Rad1 Qg5 18. f3 e3 19. Rfe1 Be6 20. Rd4 Kh8 21.
b3 Rg8 22. Kh1 Rad8 23. Red1 Rxd4 24. Rxd4 Bh3 25. g3 fxg3 26. Qxe3 gxh2 27.
Qxg5 Rxg5 28. Kxh2 Be6 29. Ne3 Kg7 30. f4 Ra5 31. Kg3 Kf6 32. c4 c6 33. a4 Rh5
34. Ng2 Rh3+ 35. Kf2 Rxb3 36. Ne3 {Normal} 0-1

[Event "Rated Blitz tournament PD9L0sDs"]
[Site "?"]
[Date "2021.02.04"]
[Round "?"]
[White "Bad4life"]
[Black "Maltinho"]
[Result "0-1"]
[WhiteElo "2276"]
[BlackElo "2546"]
[PlyCount "128"]
[EventDate "2021.??.??"]
[EventType "blitz"]

1. e4 e5 2. Nf3 d5 3. exd5 Bd6 4. Nc3 Nf6 5. Bb5+ c6 6. dxc6 bxc6 7. Bc4 O-O 8.
d3 Bg4 9. h3 Bh5 10. Bg5 Nbd7 11. g4 Bg6 12. Ne4 Be7 13. Nxf6+ Nxf6 14. O-O Qc7
15. Re1 Bd6 16. Bxf6 gxf6 17. Qd2 Rfe8 18. Nh4 Rad8 19. Nxg6 hxg6 20. Qh6 g5
21. Qg6+ Kf8 22. Qxf6 e4 23. Qh8+ Ke7 24. Rxe4+ Kd7 25. Qf6 Rxe4 26. dxe4 Kc8
27. Kg2 Bf4 28. Qxf7 Qb6 29. Qe6+ Kb8 30. Re1 Rd6 31. Qe8+ Rd8 32. Qe7 Qxb2 33.
Re2 Qb6 34. c3 Ka8 35. Rb2 Qxb2 36. Qxd8+ Bb8 37. Qd7 Qb6 38. a4 a5 39. Bb5
cxb5 40. Qd5+ Qb7 41. Qd3 bxa4 42. c4 Qb4 43. Qd5+ Ka7 44. c5 Bc7 45. Qc6 Qb7
46. Qxa4 Qb4 47. Qc6 Qb7 48. Qa4 Kb8 49. c6 Qb4 50. Qa2 a4 51. Qg8+ Ka7 52. Qg6
Qb6 53. Qf5 a3 54. Qd5 Qa5 55. Qa2 Qb4 56. Qd2 Qxe4+ 57. Kf1 Qxc6 58. f3 Qb5+
59. Qe2 Qb6 60. Ke1 Bd6 61. Kd1 Bc5 62. Qd2 Qb1+ 63. Ke2 Qd3+ 64. Qxd3 Bd4 {
Time forfeit} 0-1

[Event "Rated Blitz game"]
[Site "?"]
[Date "2021.02.04"]
[Round "?"]
[White "hungzhao"]
[Black "Jomajo"]
[Result "1-0"]
[WhiteElo "2644"]
[BlackElo "2663"]
[PlyCount "103"]
[EventDate "2021.??.??"]
[EventType "blitz"]

1. e4 e5 2. Nf3 d5 3. d3 dxe4 4. dxe4 Qxd1+ 5. Kxd1 Bg4 6. h3 Bh5 7. Be3 f6 8.
Bc4 Nd7 9. Ke2 Bc5 10. Nbd2 Ne7 11. a4 Nc6 12. c3 O-O-O 13. b4 Bxe3 14. Kxe3 a5
15. b5 Ne7 16. Be6 Kb8 17. Nb3 Bxf3 18. gxf3 Ng6 19. Rhd1 Nb6 20. Nxa5 Nf4 21.
Bb3 Nxh3 22. Bd5 Nxd5+ 23. exd5 Nf4 24. c4 h5 25. Nb3 h4 26. a5 h3 27. b6 h2
28. Nc5 f5 29. Rab1 c6 30. dxc6 Rxd1 31. a6 Ng2+ 32. Ke2 Nf4+ 33. Ke3 Ng2+ 34.
Ke2 Nf4+ 35. Kxd1 h1=Q+ 36. Kc2 Qxb1+ 37. Kxb1 bxa6 38. Nxa6+ Kc8 39. b7+ Kd8
40. b8=Q+ Ke7 41. Qxh8 Kf6 42. Qg8 Kg6 43. Qxg7+ Kxg7 44. c7 Kf6 45. c8=Q e4
46. Qc7 Kg5 47. Qc6 Kh4 48. Qd6 Kh3 49. Qf6 Kg2 50. Qxf5 Kf1 51. Qxf4 Ke2 52.
Qxe4+ {Time forfeit} 1-0

[Event "Rated Blitz game"]
[Site "?"]
[Date "2021.02.04"]
[Round "?"]
[White "BeReadyToLose"]
[Black "FTR_BBC"]
[Result "0-1"]
[WhiteElo "2466"]
[BlackElo "2359"]
[PlyCount "38"]
[EventDate "2021.??.??"]
[EventType "blitz"]

1. e4 e5 2. Nf3 d5 3. exd5 e4 4. Qe2 Be7 5. Qxe4 Nf6 6. Qa4+ Nbd7 7. Nc3 O-O 8.
Be2 a6 9. O-O b5 10. Qd4 Bb7 11. b3 Re8 12. Re1 Bc5 13. Qh4 b4 14. Na4 Re4 15.
Qg3 Bd6 16. Qh3 Bc8 17. Bd3 Ne5 18. Bxe4 Bxh3 19. gxh3 Nxe4 {Normal} 0-1

[Event "Rated Blitz game"]
[Site "?"]
[Date "2021.02.04"]
[Round "?"]
[White "withcrow"]
[Black "KamranShirazi"]
[Result "1-0"]
[WhiteElo "2473"]
[BlackElo "2444"]
[PlyCount "47"]
[EventDate "2021.??.??"]
[EventType "blitz"]

1. e4 e5 2. Nf3 d5 3. Nxe5 Bd6 4. d4 dxe4 5. Bf4 Nc6 6. Nxc6 bxc6 7. Bg3 Rb8 8.
Nd2 Bxg3 9. hxg3 Qxd4 10. c3 Qe5 11. Nc4 Qe6 12. Qd4 Nf6 13. Qxa7 Rb7 14. Qc5
Rb5 15. Qa3 Nd5 16. Be2 e3 17. O-O exf2+ 18. Rxf2 Ne7 19. Raf1 O-O 20. Qa7 Rb7
21. Qd4 Nd5 22. Ne5 Rxb2 23. Nxf7 Rd2 24. Nh6+ {Normal} 1-0

[Event "Rated Blitz tournament DIvsXHRz"]
[Site "?"]
[Date "2021.02.04"]
[Round "?"]
[White "my_earth_flat"]
[Black "Kovalchuk94"]
[Result "0-1"]
[WhiteElo "2320"]
[BlackElo "2614"]
[PlyCount "67"]
[EventDate "2021.??.??"]
[EventType "blitz"]

1. e4 e5 2. Nf3 d5 3. Nxe5 Bd6 4. d4 dxe4 5. Nc4 Nf6 6. Ne3 O-O 7. c4 c5 8.
dxc5 Bxc5 9. Qxd8 Rxd8 10. Nc3 Nc6 11. Bd2 Be6 12. O-O-O Ne5 13. b3 a6 14. Be2
Nd3+ 15. Bxd3 Rxd3 16. Kc2 Rad8 17. h3 h5 18. Bc1 Kf8 19. Rhe1 Bb4 20. Bb2 b5
21. cxb5 axb5 22. a3 Bc5 23. b4 Bb6 24. Rxd3 exd3+ 25. Kd2 Bc4 26. Nxc4 bxc4
27. f3 Bd4 28. Rb1 Re8 29. Re1 Ra8 30. Kc1 Rd8 31. Rd1 Be3+ 32. Kb1 Rc8 33. Re1
Bf2 34. Rd1 {Normal} 0-1

[Event "Rated Blitz game"]
[Site "?"]
[Date "2021.02.04"]
[Round "?"]
[White "alesha_kiselev"]
[Black "annaly1979"]
[Result "1/2-1/2"]
[WhiteElo "2430"]
[BlackElo "2413"]
[PlyCount "122"]
[EventDate "2021.??.??"]
[EventType "blitz"]

1. e4 e5 2. Nf3 d5 3. Nxe5 Qe7 4. Nf3 dxe4 5. Nd4 f5 6. Nc3 Nf6 7. Be2 Nc6 8.
Nxc6 bxc6 9. d3 Be6 10. dxe4 fxe4 11. Qd4 Qf7 12. Nxe4 Be7 13. Ng5 c5 14. Nxf7
cxd4 15. Nxh8 Kd7 16. O-O Rxh8 17. Rd1 c5 18. c3 Rc8 19. cxd4 c4 20. Bg5 h6 21.
Bxf6 Bxf6 22. Rac1 Bd5 23. Bg4+ Be6 24. Bxe6+ Kxe6 25. d5+ Kd6 26. Rc2 a5 27.
f4 h5 28. Kf2 a4 29. Re2 a3 30. Re6+ Kd7 31. bxa3 c3 32. Rc6 Ra8 33. Rc1 Rxa3
34. Rc2 Ra5 35. Rxf6 gxf6 36. Rxc3 Rxa2+ 37. Kf3 Kd6 38. Rd3 Rc2 39. g3 Ra2 40.
h3 Rh2 41. Ke4 Rxh3 42. Kf5 h4 43. Kg4 Rxg3+ 44. Rxg3 hxg3 45. Kxg3 Kxd5 46.
Kg4 Ke4 47. Kg3 Ke3 48. f5 Ke4 49. Kg4 Ke5 50. Kg3 Kxf5 51. Kf3 Kg5 52. Kg3 Kf5
53. Kf3 Ke5 54. Ke3 f5 55. Kf3 f4 56. Kf2 Ke4 57. Ke2 f3+ 58. Kf2 Kf4 59. Kf1
Kg3 60. Kg1 f2+ 61. Kf1 Kf3 {Normal} 1/2-1/2

[Event "Rated Blitz game"]
[Site "?"]
[Date "2021.02.04"]
[Round "?"]
[White "vogelj"]
[Black "Jomajo"]
[Result "0-1"]
[WhiteElo "2425"]
[BlackElo "2622"]
[PlyCount "56"]
[EventDate "2021.??.??"]
[EventType "blitz"]

1. e4 e5 2. Nf3 d5 3. Nxe5 Bd6 4. d4 dxe4 5. Nc4 Nf6 6. Nc3 h6 7. Be2 O-O 8.
Be3 Nc6 9. Qd2 Ne7 10. O-O-O Ned5 11. g4 Nxc3 12. Qxc3 Nd5 13. Qd2 Be6 14. g5
Nxe3 15. Nxe3 Qxg5 16. Rdg1 Qf6 17. Bg4 Bf4 18. Bxe6 Qxe6 19. Kb1 Rad8 20. Rg2
c5 21. c3 cxd4 22. cxd4 Qb6 23. Rxg7+ Kh8 24. Rhg1 Qxd4 25. Qxd4 Rxd4 26. Nf5
Rd2 27. R1g2 Be5 28. Nxh6 Bxg7 {Normal} 0-1

[Event "Rated Blitz game"]
[Site "?"]
[Date "2021.02.04"]
[Round "?"]
[White "kintoho"]
[Black "FTR_BBC"]
[Result "0-1"]
[WhiteElo "2444"]
[BlackElo "2367"]
[PlyCount "83"]
[EventDate "2021.??.??"]
[EventType "blitz"]

1. e4 e5 2. Nf3 d5 3. d4 dxe4 4. Nxe5 Bd6 5. Bc4 Bxe5 6. dxe5 Qxd1+ 7. Kxd1 Nc6
8. Bf4 Bg4+ 9. Kc1 Nge7 10. e6 Bxe6 11. Bxe6 fxe6 12. Bxc7 Rc8 13. Bg3 h5 14.
Re1 h4 15. Bf4 Nd4 16. Nc3 Nd5 17. Be5 Nxc3 18. Bxd4 Nb5 19. Rxe4 Kf7 20. Rf4+
Kg6 21. Be3 e5 22. Rb4 a6 23. a4 Nd6 24. Rb6 Rc6 25. Rxc6 bxc6 26. b3 Kf5 27.
Kb2 g5 28. Rd1 Ne4 29. Rd7 h3 30. g3 Nf6 31. Rd6 Ng4 32. Rxc6 Nxh2 33. f4 gxf4
34. gxf4 exf4 35. Bb6 Ng4 36. Rd6 h2 37. Rd1 Ne3 38. Rh1 Ke4 39. c4 f3 40. Bc7
f2 41. Bxh2 Rxh2 42. Rc1 {Normal} 0-1

[Event "Rated Blitz tournament PD9L0sDs"]
[Site "?"]
[Date "2021.02.04"]
[Round "?"]
[White "vaggo2004"]
[Black "Maltinho"]
[Result "0-1"]
[WhiteElo "2559"]
[BlackElo "2544"]
[PlyCount "56"]
[EventDate "2021.??.??"]
[EventType "blitz"]

1. e4 e5 2. Nf3 d5 3. Bc4 dxc4 4. Nxe5 Be6 5. Qe2 Nc6 6. Nxc6 bxc6 7. O-O Ne7
8. Na3 Ng6 9. Nxc4 Nf4 10. Qf3 Bxc4 11. d3 Nxd3 12. Rd1 Be7 13. cxd3 Be6 14. d4
O-O 15. Bf4 Rb8 16. b3 Bd6 17. Be3 f5 18. e5 Bd5 19. Qg3 Be7 20. Rac1 Bh4 21.
Qh3 f4 22. Bd2 Bg5 23. Rc5 Qe7 24. Rdc1 h6 25. f3 Qf7 26. Ba5 Rbe8 27. Rxc6
Bxc6 28. Rxc6 Qd5 {Normal} 0-1

[Event "Rated Blitz game"]
[Site "?"]
[Date "2021.02.04"]
[Round "?"]
[White "hungzhao"]
[Black "Jomajo"]
[Result "0-1"]
[WhiteElo "2654"]
[BlackElo "2652"]
[PlyCount "156"]
[EventDate "2021.??.??"]
[EventType "blitz"]

1. e4 e5 2. Nf3 d5 3. d3 dxe4 4. dxe4 Qxd1+ 5. Kxd1 Bg4 6. h3 Bh5 7. Be3 f6 8.
g4 Bg6 9. Nbd2 Nd7 10. Bc4 Bc5 11. Ke2 Bxe3 12. Kxe3 Ne7 13. h4 Bf7 14. h5 Bxc4
15. Nxc4 Nc5 16. a4 Ne6 17. c3 O-O-O 18. Rad1 Nc5 19. a5 Na4 20. Rxd8+ Rxd8 21.
h6 g5 22. Nfd2 Nc5 23. b4 Ne6 24. Nb3 Nf4 25. Nb2 b6 26. Rd1 Rxd1 27. Nxd1 Ng8
28. f3 Nxh6 29. c4 Nf7 30. c5 Kb7 31. b5 Ne6 32. a6+ Kc8 33. c6 Nd6 34. Nc3 Nf4
35. Nc1 h5 36. gxh5 Nxh5 37. Nd3 Nf4 38. Nb4 Ne6 39. Nc2 Nc5 40. Nb4 f5 41.
exf5 Nxf5+ 42. Kf2 Ne6 43. Nbd5 Ned4 44. Nf6 Nd6 45. Nfe4 N4xb5 46. Nxb5 Nxb5
47. Nxg5 Nd4 48. Ke3 Nxc6 49. Ke4 Kd7 50. Nf7 Ke6 51. Ng5+ Kd6 52. Nf7+ Ke6 53.
Ng5+ Kf6 54. Kd5 Nb4+ 55. Kc4 Nxa6 56. Ne4+ Ke6 57. Nc3 c6 58. Ne4 Nc7 59. Ng5+
Kf5 60. Ne4 b5+ 61. Kc5 a5 62. Nd6+ Ke6 63. Kxc6 Nd5 64. Nxb5 Nb4+ 65. Kc5 Na6+
66. Kc4 Kf5 67. Nc3 Nc7 68. Ne4 Kf4 69. Nd6 Kxf3 70. Nf7 e4 71. Ng5+ Kf4 72.
Nxe4 Kxe4 73. Kc5 Ke5 74. Kc4 Kd6 75. Kb3 Kc6 76. Ka4 Kb6 77. Kb3 Ka6 78. Ka3
Na8 {Time forfeit} 0-1

[Event "Rated Blitz game"]
[Site "?"]
[Date "2021.02.04"]
[Round "?"]
[White "hungzhao"]
[Black "Jomajo"]
[Result "1-0"]
[WhiteElo "2655"]
[BlackElo "2651"]
[PlyCount "85"]
[EventDate "2021.??.??"]
[EventType "blitz"]

1. e4 e5 2. Nf3 d5 3. d3 dxe4 4. dxe4 Qxd1+ 5. Kxd1 Bg4 6. h3 Bxf3+ 7. gxf3 Bd6
8. Be3 Ne7 9. Rg1 Ng6 10. Nd2 O-O 11. c3 Nd7 12. Kc2 Bc5 13. a4 a5 14. Bc4 Rfd8
15. Rg4 Kf8 16. Rag1 Bxe3 17. fxe3 Nf6 18. Rg5 Rd6 19. Bb3 h6 20. R5g2 Nh4 21.
Rf2 b6 22. Nc4 Re6 23. Rd1 Re7 24. Na3 Nd7 25. Bd5 Rc8 26. Bb7 Rb8 27. Bc6 Nc5
28. b4 Ne6 29. bxa5 bxa5 30. Nc4 Ng5 31. f4 exf4 32. Rxf4 Ng6 33. Rf5 Nxe4 34.
Rxa5 Nf6 35. Ra8 Rxa8 36. Bxa8 Ne5 37. Rd8+ Ne8 38. Nxe5 Rxe5 39. Bc6 Re6 40.
Bd7 Rxe3 41. a5 g5 42. Rxe8+ Rxe8 43. Bxe8 {Normal} 1-0

[Event "Rated Blitz game"]
[Site "?"]
[Date "2021.02.04"]
[Round "?"]
[White "hungzhao"]
[Black "Jomajo"]
[Result "0-1"]
[WhiteElo "2640"]
[BlackElo "2668"]
[PlyCount "162"]
[EventDate "2021.??.??"]
[EventType "blitz"]

1. e4 e5 2. Nf3 d5 3. d3 dxe4 4. dxe4 Qxd1+ 5. Kxd1 Bg4 6. Be3 f6 7. Nbd2 Nd7
8. c3 Bc5 9. Bxc5 Nxc5 10. b4 Ne6 11. Kc2 O-O-O 12. Bc4 Nf4 13. g3 Nh3 14. Rhf1
Ne7 15. Ng1 Nxg1 16. Rxg1 h5 17. f3 Bd7 18. Rad1 g5 19. Nf1 h4 20. g4 Ng6 21.
Ne3 Nf4 22. Rd2 Ba4+ 23. Bb3 Rxd2+ 24. Kxd2 Rd8+ 25. Kc2 Bb5 26. c4 Be8 27. Nd5
Nxd5 28. exd5 Bg6+ 29. Kc3 c6 30. Rd1 cxd5 31. cxd5 Kc7 32. Bc2 Bxc2 33. Kxc2
Kd6 34. Kb3 Rc8 35. a4 a6 36. a5 Rf8 37. Rd3 f5 38. gxf5 Rxf5 39. b5 Rf4 40. b6
e4 41. fxe4 Rxe4 42. Rf3 Re7 43. Rf5 Rg7 44. h3 g4 45. hxg4 Rh7 46. Kc4 h3 47.
Rf1 Rh4 48. Rf6+ Ke7 49. Rf1 Rxg4+ 50. Kc5 h2 51. Re1+ Kd7 52. Rh1 Rh4 53. d6
Rh5+ 54. Kd4 Kxd6 55. Ke4 Kc6 56. Kf4 Kb5 57. Kg4 Rh7 58. Kg5 Kxa5 59. Kg6 Rh3
60. Kg5 Kxb6 61. Kg4 Rh8 62. Kg5 Ka7 63. Kg6 a5 64. Kg7 Rh3 65. Kg6 Rg3+ 66.
Kf5 Rg2 67. Kf4 Ra2 68. Kf3 a4 69. Ke3 a3 70. Kd3 Rb2 71. Kc3 Kb6 72. Kc4 Rb5
73. Kc3 Rc5+ 74. Kb3 Rb5+ 75. Kxa3 Ra5+ 76. Kb4 Rb5+ 77. Kc4 Rc5+ 78. Kd4 Rc6
79. Ke4 Kc7 80. Kf4 Rd6 81. Kg4 Rd4+ {Time forfeit} 0-1

[Event "Rated Blitz game"]
[Site "?"]
[Date "2021.02.04"]
[Round "?"]
[White "FastBananna"]
[Black "Jomajo"]
[Result "1-0"]
[WhiteElo "2484"]
[BlackElo "2627"]
[PlyCount "45"]
[EventDate "2021.??.??"]
[EventType "blitz"]

1. e4 e5 2. Nf3 d5 3. exd5 e4 4. Nd4 Qxd5 5. Nb3 Nf6 6. Nc3 Qe5 7. Be2 Bd6 8.
g3 Bh3 9. d4 exd3 10. cxd3 Nc6 11. Bf4 Qe7 12. Bxd6 Qxd6 13. Qc2 O-O-O 14.
O-O-O Nb4 15. Qd2 Bf5 16. d4 Ne4 17. Qe1 Nxc3 18. bxc3 Nc2 19. Qd2 Qa3+ 20. Kb1
Nxd4+ 21. Bd3 Nxb3 22. Bxf5+ Kb8 23. Qxd8+ {Normal} 1-0

[Event "Rated Blitz game"]
[Site "?"]
[Date "2021.02.04"]
[Round "?"]
[White "Goldbart"]
[Black "Jomajo"]
[Result "1-0"]
[WhiteElo "2592"]
[BlackElo "2626"]
[PlyCount "59"]
[EventDate "2021.??.??"]
[EventType "blitz"]

1. e4 e5 2. Nf3 d5 3. Nxe5 Bd6 4. d4 dxe4 5. Nc4 Nf6 6. Be2 O-O 7. Nc3 Nc6 8.
Be3 Ne7 9. Qd2 Ned5 10. Nxd6 Qxd6 11. O-O c6 12. h3 Nxc3 13. Qxc3 Nd5 14. Qd2
f5 15. c4 Nxe3 16. fxe3 Qg3 17. Rac1 f4 18. exf4 Bxh3 19. Bd1 e3 20. Qe2 Rae8
21. Rf3 Qg6 22. Rxh3 Qe4 23. Rc3 Qxd4 24. Rcxe3 Rxf4 25. Bc2 h6 26. Qd3 Qxd3
27. Bxd3 Rd8 28. b3 Rfd4 29. Bg6 Rg4 30. Rhg3 {Normal} 1-0

[Event "Rated Blitz game"]
[Site "?"]
[Date "2021.02.04"]
[Round "?"]
[White "Lioedede_IM"]
[Black "Jomajo"]
[Result "0-1"]
[WhiteElo "2473"]
[BlackElo "2645"]
[PlyCount "44"]
[EventDate "2021.??.??"]
[EventType "blitz"]

1. e4 e5 2. Nf3 d5 3. d4 dxe4 4. Nxe5 Bd6 5. Nc4 Nf6 6. Nc3 h6 7. Be2 Nc6 8.
O-O Nxd4 9. Nxd6+ Qxd6 10. Bc4 Ng4 11. g3 Bf5 12. Nxe4 Bxe4 13. Qxg4 f5 14.
Qxg7 Nf3+ 15. Kh1 O-O-O 16. Bf4 Qc6 17. Bb5 Nd4+ 18. f3 Bxf3+ 19. Kg1 Nxb5 20.
Rxf3 Qxf3 21. a4 Rhg8 22. Qxh6 Nd4 {Normal} 0-1

[Event "Rated Blitz game"]
[Site "?"]
[Date "2021.02.04"]
[Round "?"]
[White "petergo"]
[Black "Woodtree"]
[Result "1/2-1/2"]
[WhiteElo "2518"]
[BlackElo "2594"]
[PlyCount "130"]
[EventDate "2021.??.??"]
[EventType "blitz"]

1. e4 e5 2. Nf3 d5 3. d4 dxe4 4. Nxe5 Bd6 5. Be2 Nf6 6. O-O O-O 7. Bg5 Nc6 8.
Nxc6 bxc6 9. Nc3 Re8 10. h3 h6 11. Bh4 Bf5 12. Bc4 g5 13. Bg3 Qd7 14. Bxd6 cxd6
15. d5 Rab8 16. dxc6 Qxc6 17. Nd5 Nxd5 18. Bxd5 Qc5 19. b3 Kg7 20. c4 Re5 21.
Qe2 Be6 22. Bxe6 fxe6 23. Rad1 Rf8 24. Qb2 Kg6 25. Qd4 Qxd4 26. Rxd4 d5 27.
cxd5 exd5 28. Rfd1 Rd8 29. b4 Kf5 30. b5 Ke6 31. a4 e3 32. fxe3 Rxe3 33. Kf2
Rb3 34. Re1+ Kd6 35. Rxd5+ Kxd5 36. Rd1+ Ke4 37. Rxd8 Rb4 38. Rd6 Rxa4 39. Rxh6
Rb4 40. Ra6 Kf4 41. Rxa7 Rb2+ 42. Kg1 Rxb5 43. Ra4+ Kf5 44. Kh2 Rb3 45. h4 Kf6
46. Ra6+ Kf5 47. Ra5+ Kg4 48. hxg5 Kh5 49. g3 Rc3 50. Kh3 Rb3 51. Rc5 Ra3 52.
Rc8 Kxg5 53. Rc6 Rb3 54. Rc5+ Kg6 55. Kh4 Rb1 56. Rc6+ Kg7 57. Kh5 Rb5+ 58. Kh4
Rb1 59. g4 Rb5 60. g5 Rb1 61. Kh5 Rh1+ 62. Kg4 Rg1+ 63. Kh5 Rh1+ 64. Kg4 Rg1+
65. Kh5 Rh1+ {Normal} 1/2-1/2

[Event "Rated Blitz tournament PD9L0sDs"]
[Site "?"]
[Date "2021.02.04"]
[Round "?"]
[White "Stefan005"]
[Black "Maltinho"]
[Result "0-1"]
[WhiteElo "2376"]
[BlackElo "2545"]
[PlyCount "28"]
[EventDate "2021.??.??"]
[EventType "blitz"]

1. e4 e5 2. Nf3 d5 3. exd5 Bd6 4. Nc3 Nf6 5. Bc4 e4 6. Nd4 O-O 7. O-O Bxh2+ 8.
Kxh2 Ng4+ 9. Kg1 Qh4 10. Re1 Qxf2+ 11. Kh1 Qh4+ 12. Kg1 Qh2+ 13. Kf1 Qh1+ 14.
Ke2 Qxg2# {Normal} 0-1

[Event "Rated Blitz game"]
[Site "?"]
[Date "2021.02.04"]
[Round "?"]
[White "hungzhao"]
[Black "Jomajo"]
[Result "1-0"]
[WhiteElo "2643"]
[BlackElo "2663"]
[PlyCount "89"]
[EventDate "2021.??.??"]
[EventType "blitz"]

1. e4 e5 2. Nf3 d5 3. d3 dxe4 4. dxe4 Qxd1+ 5. Kxd1 Bg4 6. h3 Bh5 7. Be3 f6 8.
Nbd2 Nd7 9. Bc4 Bc5 10. Ke2 Bxe3 11. Kxe3 Ne7 12. a4 Bf7 13. Bxf7+ Kxf7 14. a5
a6 15. b4 Rhd8 16. c3 c5 17. Nc4 Rac8 18. Nd6+ Kf8 19. Nxc8 Rxc8 20. Rhc1 Ke8
21. Nd2 Nc6 22. Nc4 Ke7 23. Rd1 cxb4 24. Rxd7+ Kxd7 25. Nb6+ Kc7 26. Nxc8 Kxc8
27. cxb4 Nxb4 28. Ra4 Nc6 29. f4 exf4+ 30. Kxf4 Kd7 31. h4 g6 32. g4 h6 33. h5
gxh5 34. gxh5 Ke6 35. Ra1 Kf7 36. Ra2 Ke6 37. Rb2 Nxa5 38. Rb6+ Kd7 39. Rxf6
Nc6 40. Rxh6 a5 41. Rh7+ Kc8 42. h6 a4 43. Rg7 Nd4 44. Rg8+ Kc7 45. h7 {Normal}
1-0